<?xml version="1.0" encoding="UTF-8"?>
<record
    xmlns:xsi="http://www.w3.org/2001/XMLSchema-instance"
    xsi:schemaLocation="http://www.loc.gov/MARC21/slim http://www.loc.gov/standards/marcxml/schema/MARC21slim.xsd"
    xmlns="http://www.loc.gov/MARC21/slim">

  <leader>00942nam a22002537a 4500</leader>
  <controlfield tag="005">20180803165613.0</controlfield>
  <controlfield tag="008">130625b2009    -wb|||||r|||| 00| 0 eng d</controlfield>
  <datafield tag="041" ind1=" " ind2=" ">
    <subfield code="a">eng</subfield>
  </datafield>
  <datafield tag="044" ind1=" " ind2=" ">
    <subfield code="a">gx</subfield>
  </datafield>
  <datafield tag="082" ind1="0" ind2="4">
    <subfield code="a">304.25</subfield>
    <subfield code="b">K97c</subfield>
  </datafield>
  <datafield tag="100" ind1="1" ind2=" ">
    <subfield code="a">Kropp, Juergen</subfield>
    <subfield code="9">28669</subfield>
  </datafield>
  <datafield tag="245" ind1="1" ind2="0">
    <subfield code="a">Climate change information for effective adaptation :</subfield>
    <subfield code="b">A practitioner&#xB4;s manual /</subfield>
    <subfield code="c">Juergen Kropp and Michael Scholze</subfield>
  </datafield>
  <datafield tag="260" ind1=" " ind2=" ">
    <subfield code="a">Eschborn :</subfield>
    <subfield code="b">New York :</subfield>
    <subfield code="b">Deutsche Gesellschaft f&#xFC;r,</subfield>
    <subfield code="c">2009.</subfield>
  </datafield>
  <datafield tag="300" ind1=" " ind2=" ">
    <subfield code="a">56 p.</subfield>
    <subfield code="b">il., mapas ;</subfield>
    <subfield code="c">21 cm.</subfield>
  </datafield>
  <datafield tag="650" ind1=" " ind2="0">
    <subfield code="a">Cambio clim&#xE1;tico</subfield>
    <subfield code="x">Aspectos sociales</subfield>
    <subfield code="9">28670</subfield>
  </datafield>
  <datafield tag="650" ind1=" " ind2="0">
    <subfield code="a">Cambio clim&#xE1;tico</subfield>
    <subfield code="x">Aspectos ambientales</subfield>
    <subfield code="9">28671</subfield>
  </datafield>
  <datafield tag="650" ind1=" " ind2="0">
    <subfield code="a">Cambio clim&#xE1;tico</subfield>
    <subfield code="x">adaptaci&#xF2;n</subfield>
    <subfield code="9">28672</subfield>
  </datafield>
  <datafield tag="650" ind1=" " ind2="0">
    <subfield code="a">Cambio clim&#xE1;tico</subfield>
    <subfield code="x">Efectos en los seres humanos</subfield>
    <subfield code="9">28673</subfield>
  </datafield>
  <datafield tag="650" ind1=" " ind2="0">
    <subfield code="a">Pol&#xED;tica ambiental</subfield>
    <subfield code="9">92286</subfield>
  </datafield>
  <datafield tag="700" ind1=" " ind2="1">
    <subfield code="a">Scholze, Michael</subfield>
    <subfield code="9">28675</subfield>
  </datafield>
  <datafield tag="700" ind1=" " ind2="1">
    <subfield code="a">Lorenzoni, Irene</subfield>
    <subfield code="e">ed.</subfield>
    <subfield code="9">178</subfield>
  </datafield>
  <datafield tag="700" ind1=" " ind2="1">
    <subfield code="a">O&#xB4;Brien, Karen L.</subfield>
    <subfield code="e">ed.</subfield>
    <subfield code="9">179</subfield>
  </datafield>
  <datafield tag="942" ind1=" " ind2=" ">
    <subfield code="2">ddc</subfield>
    <subfield code="c">LIBRO</subfield>
    <subfield code="0">3</subfield>
  </datafield>
  <datafield tag="999" ind1=" " ind2=" ">
    <subfield code="c">8797</subfield>
    <subfield code="d">8797</subfield>
  </datafield>
  <datafield tag="952" ind1=" " ind2=" ">
    <subfield code="0">0</subfield>
    <subfield code="1">0</subfield>
    <subfield code="2">ddc</subfield>
    <subfield code="4">0</subfield>
    <subfield code="7">0</subfield>
    <subfield code="8">GENERAL</subfield>
    <subfield code="I">INV2017</subfield>
    <subfield code="a">Bogota</subfield>
    <subfield code="b">Bogota</subfield>
    <subfield code="d">2014-11-15</subfield>
    <subfield code="e">Instituto</subfield>
    <subfield code="g">39000.00</subfield>
    <subfield code="l">3</subfield>
    <subfield code="o">LB-304.25 K97c</subfield>
    <subfield code="p">034954</subfield>
    <subfield code="r">2017-10-14 00:00:00</subfield>
    <subfield code="s">2017-10-11</subfield>
    <subfield code="t">Ej. 1</subfield>
    <subfield code="w">2014-11-15</subfield>
    <subfield code="x">Donaci&#xF2;n</subfield>
    <subfield code="y">LIBRO</subfield>
  </datafield>
</record>
